Boletín de las leyes y decretos del gobierno: 1933

Gespeichert in:
Bibliographische Detailangaben
Format: Buch
Sprache:Spanisch
Veröffentlicht: Santiago Dirección General de Prisiones 1933
Schlagworte:
Tags: Tag hinzufügen
Keine Tags, Fügen Sie den ersten Tag hinzu!

MARC

LEADER 00000nam a2200000 a 4500
001 UCR1546
003 CL-VaPUC
008 971219e19330000CL |||||||||||||||||spa|d
082 0 4 |a 348.022  |b BOL  |2 21 
245 1 0 |a Boletín de las leyes y decretos del gobierno: 1933 
300 |a 2 v 
942 |c BK 
945 |d 19971219 00:00:00  |a lriquelm 
260 |a Santiago  |b Dirección General de Prisiones  |c 1933 
650 7 |a LEGISLACION  |2 CL-VaPUC  |9 398773 
650 7 |a DERECHO CHILENO  |2 CL-VaPUC  |9 398774 
650 0 |a Leyes  |9 256670 
650 7 |a FUENTES  |2 CL-VaPUC  |9 255666 
651 7 |a CHILE  |2 CL-VaPUC  |9 398775 
583 |a last modification  |c 19971219 00:00:00  |k Rodrigo Vera 
999 |c 264947  |d 264945 
952 |0 0  |1 0  |4 0  |6 348_022000000000000_BOL_1933  |7 0  |8 X  |9 295652  |a BIBDER  |b BIBDER  |d 2019-11-20  |h v.102 p.1  |i 1926004  |o 348.022 BOL 1933  |p 1926004  |r 2023-01-25  |w 2019-11-20  |y BK_X  |k DER 
952 |0 0  |1 0  |4 0  |6 348_022000000000000_BOL_1933  |7 0  |8 X  |9 295653  |a BIBDER  |b BIBDER  |d 2019-11-20  |h v.102 p.2  |i 1926055  |o 348.022 BOL 1933  |p 1926055  |r 2023-01-25  |w 2019-11-20  |y BK_X  |k DER